00602nam a2200157Ia 4500008004100000020001800041082001700059100001900076245008500095260004400180300001500224440006500239942000700304999001500311952011800326190415s9999 xx 000 0 und d a1-55570-023-3 a005.74 TEN-; aTenopir, Carol 0aManaging your information: how to design and create a textual database on your m aNew YorkbNeal-Schuman Publishersc1988 axii, 226p. aApplications in information management and technology series cBK c1099d1099 00104070aNASSDOCbNASSDOCd2004-06-08i2004-10-22l0o005.74 TEN-;p29324r2019-04-18 00:00:00w2019-04-18yBK